Podział administracyjny Korei Południowej (z mapą) - Statystyki

Ogólne statystyki
  • Ten quiz został rozwiązany 84 razy
  • Średni wynik to 8 z 17
Odpowiedzi na mapie
Odpowiedzi zakodowano w zielono-czerwonej skali na mapie do tego quizu, zgodnie z poniższymi procentami.
 
Statystyki odpowiedzi
Odpowiedź % Poprawnych
Seul
100%
Pusan
79%
Czedżu
68%
Daegu
68%
Inczon
53%
Jeolla Północna
53%
Jeolla Południowa
53%
Ulsan
53%
Sedżong
47%
Gangwon
42%
Gyeonggi
42%
Chungcheong Północny
32%
Chungcheong Południowy
32%
Gyeongsang Północny
32%
Gyeongsang Południowy
32%
Gwangju
26%
Daejeon
21%
Nie znaleziono quizów pasujących do podanych kryteriów
Rozkład punktacji
Procent ludzi z każdym wynikiem
Percentyl według liczby udzielonych odpowiedzi
Twoja historia wyników
Nie rozwiązałeś tego quizu